1572 1292 1550 1533 1273 1917 1203 1954 1782 1982 1181 1338 1863 1664 1314 1497 1921 1676 1727 1183 1707 1566 1161 1121 1571 1369 1522 1084 1868 1198 1610 1069 1485 1000 1954 1212 1285 1570 1297 1388 1795 1621 1465 1701 1455 1515 1594 1596 1330 1291 1782 1945 1281 1513 1206 1448 1659 1318 1775 1457 1918 1295 1557 1591 1488 1171 1385 1336 1630 1245 1751 1838 1762 1534 1175 1767 1964 1605 1953 1407 1078 1711 1694 1129 1897 1160 1068 1057 1154 1367 1582 1422 1195 1065 1223 1590 1051 1765 1347 BCNSPRNW ULIB Ver.6.0+V

เปลี่ยนเป็นภาษาไทย

Change to English
 แสดงรายละเอียดบรรณานุกรม
  กลับหน้าหลัก

Brief Record : Get Marc (ISO 2709) : E-mail record : QR code < ปิดหน้าต่าง
LEADER : 00000nam 2200000uu 4500
001    13399123288
003     ULIB
008    140814s2554||||th 000 0 tha d
099    วจ.WE720^bจ652ค
100 0  ุจุไรพร โสภาจารีย์
245 00 ความชุกและปัจจัยเสี่ยงของการปวดหลังส่วนล่างของพยาบาล ในโรงพยาบาลสวรรค์ประชารักษ์ /^cจุไรพร โสภาจารีย์
260    นครสวรรค์:^bวิทยาลัยบรมราชชนนี สวรรค์ประชารักษ์ นครสวรรค์,^c2554
300    66 หน้า
650  0 ปวดหลังส่วนล่าง^xวิจัย
945    ^p0^l0^i034595
999    ^aเกษร โพธิ์สุวรรณ
รายการนี้ยังไม่มีแท็ก
คุณยังไม่ได้ล็อกอิน คุณสามารถมีกิจกรรมร่วมกับเว็บไซต์ได้ แต่ต้องล็อกอินก่อน ::
  ล็อกอิน

รายการสื่อสารสนเทศ

ลำดับที่ ประเภท เลขเรียก/บาร์โค้ด สถานที่ สถานะ
1. งานวิจัย
งานวิจัย
วจ.WE720 จ652ค ฉ.1 
  Barcode: 034595
ห้องสมุดวิทยาเขตสวรรค์ประชารักษ์
►วิจัย
บนชั้น

BibComment


ยังไม่เคยถูกคอมเมนท์

คอมเมนท์ทรัพยากรรายการนี้
  คอมเมนท์: ความชุกและปัจจัยเ..


 Copyright 2026. Bcnsprnw @Library